000 00418nam a22001697a 4500
003 NUST - PNEC
005 20170116181108.0
008 151003b xxu||||| |||| 00| 0 eng d
020 _a-
040 _cLIBRARY
082 _a658.7 AGG
100 _912733
_aAggarwal, C.B.
245 _aMaterials management
_cC.B. Aggarwal
260 _cc.1992
650 _912736
_aMaterials management
_xME , MIS
942 _2ddc
_cBK
999 _c69002
_d69002